| 000 | 00546nam a2200145 a 4500 | ||
|---|---|---|---|
| 008 | 120416s1960 ||||||||||||||||| || u | ||
| 050 | _aTH 1725 Par | ||
| 100 | _aParkin, P. H | ||
| 245 | 1 | 0 | _aField measurements of sound insulation between dwellings |
| 260 |
_aLondon _bHer Majesty's Stationary Office _c1960 |
||
| 300 | _avii, 571p. : ill. | ||
| 350 | _a0.00 | ||
| 700 | _aScholes, W. E | ||
| 995 |
_D0.00 _FCBU-MAIN LIBRARY (Kitwe) _H1 _I3.50 _M1 _UAVAILABLE _ZAnnex Low-Usage Collection |
||
| 999 |
_c43250 _d43250 |
||